000 00483nam a2200181Ia 4500
999 _c36749
_d36749
003 OSt
005 20201209110244.0
008 190216s9999||||xx |||||||||||||| ||und||
020 _a9781853264702
040 _coclc
082 _a194
_bDES/K
100 _aDescartes
_97324
245 0 _aKey Philosophical Writings /
_cDescartes
260 _bWordsworth Classic,
_c1997.
300 _a407p
650 _aEnglish
942 _cREF
_2ddc
_h194
_iDES/K
_k194
_mDES/K